[Event "Tournoi Skype 017A"]
[Site "Skype"]
[Date "????.??.??"]
[Round "1.1"]
[White "Trivedi, Viral"]
[Black "Hervais, Adrien"]
[Result "0-1"]
[WhiteElo "1617"]
[BlackElo "1995"]
[PlyCount "106"]

1. d4 e6 2. c4 d5 3. Nc3 Nf6 4. Bg5 Bb4 5. Qc2 h6 6. Bxf6 Qxf6 7. cxd5 exd5 8.
e3 O-O 9. Bd3 c5 10. Nf3 cxd4 11. Nxd4 Nd7 12. O-O Bxc3 13. Qxc3 Ne5 14. Bc2
Bd7 15. Qb3 Qd6 16. Nb5 Qc5 17. Nc3 Be6 18. Qb5 Qd6 19. Rfd1 a6 20. Qb3 Rfd8
21. Qa4 Rac8 22. Bb3 b5 23. Qd4 Nc4 24. Ne2 a5 25. Nf4 a4 26. Bc2 Nxe3 27. Nh5
Qf8 28. Qxe3 Rxc2 29. Rd2 Rdc8 30. Rxc2 Rxc2 31. b3 Qa3 32. bxa4 Qxe3 33. fxe3
bxa4 34. Nf4 a3 35. Nxe6 fxe6 36. g4 Kh7 37. h4 Re2 38. Kf1 Rxe3 39. g5 Rh3 40.
Re1 Rh1+ 41. Kf2 Rxe1 42. Kxe1 hxg5 43. hxg5 Kg6 44. Kf2 Kxg5 45. Kf3 Kf5 46.
Ke3 g5 47. Kf3 g4+ 48. Ke3 e5 49. Kf2 Kf4 50. Ke2 e4 51. Kf2 e3+ 52. Kf1 Kf3
53. Kg1 e2 0-1

[Event "Tournoi Skype 017A"]
[Site "Skype"]
[Date "????.??.??"]
[Round "1.2"]
[White "Patra Kumar, Subhendu"]
[Black "Rochette, Mathieu"]
[Result "1-0"]
[WhiteElo "1910"]
[BlackElo "1604"]
[PlyCount "65"]

1. e4 c5 2. Nf3 d6 3. d4 cxd4 4. Nxd4 Bd7 5. c4 Nf6 6. Nc3 e6 7. Be2 Be7 8. O-O
O-O 9. Be3 a6 10. f3 Nc6 11. Rc1 Rc8 12. Na4 d5 13. Nxc6 Bxc6 14. Bb6 Bc5+ 15.
Bxc5 Bxa4 16. Qd4 dxe4 17. Qxd8 Rfxd8 18. Bb4 b6 19. Bc3 exf3 20. Bxf3 Ne8 21.
Bh5 Nd6 22. b3 Be8 23. Bd4 b5 24. Bb6 Rd7 25. c5 Rc6 26. Bf3 Rxb6 27. cxb6 Nb7
28. Bc6 Re7 29. Bxe8 Rxe8 30. Rc7 Nd6 31. Rd1 Nc8 32. b7 Nb6 33. Rd6 1-0

[Event "Tournoi Skype 017A"]
[Site "Skype"]
[Date "????.??.??"]
[Round "1.3"]
[White "Perez Fermin, Jose"]
[Black "Hilton, Stephen"]
[Result "0-1"]
[WhiteElo "1599"]
[BlackElo "1909"]
[PlyCount "48"]

1. e4 Nf6 2. Nc3 d5 3. exd5 Nxd5 4. Ne4 Bf5 5. Ng3 Bg6 6. Bc4 Nb6 7. Bb3 e6 8.
Nf3 Nc6 9. a3 Be7 10. d4 O-O 11. O-O Bf6 12. c3 Ne7 13. Re1 Rc8 14. Ne4 Bxe4
15. Rxe4 Ng6 16. Qd3 c5 17. Qe3 c4 18. Bc2 Nd5 19. Qe2 Be7 20. Qd2 Bd6 21. Qg5
Nf6 22. Re2 Qc7 23. h3 h6 24. Qh4 Nxh4 0-1

[Event "Tournoi Skype 017A"]
[Site "Skype"]
[Date "????.??.??"]
[Round "1.4"]
[White "Elias, Roberto"]
[Black "Duthoit, Bernard"]
[Result "1-0"]
[WhiteElo "1903"]
[BlackElo "1585"]
[PlyCount "71"]

1. c4 e5 2. Nc3 Nf6 3. g3 Nc6 4. Bg2 a6 5. e3 d6 6. Nge2 Be6 7. Nd5 Nxd5 8.
cxd5 Ne7 9. dxe6 fxe6 10. Bxb7 Ra7 11. Qa4+ c6 12. Bxc6+ Nxc6 13. Qxc6+ Qd7 14.
Qxd7+ Rxd7 15. O-O Be7 16. d4 exd4 17. Nxd4 e5 18. Nf5 Bf6 19. Rd1 O-O 20. Rxd6
Rxd6 21. Nxd6 Rd8 22. Ne4 Be7 23. Bd2 Kf7 24. b4 Ke6 25. a4 Kf5 26. f3 g5 27.
g4+ Ke6 28. b5 axb5 29. axb5 Kd5 30. b6 Kc6 31. Rb1 Rb8 32. Ba5 Bd8 33. Kf2
Bxb6 34. Rxb6+ Rxb6 35. Bxb6 Kxb6 36. Nxg5 1-0

[Event "Tournoi Skype 017A"]
[Site "Skype"]
[Date "????.??.??"]
[Round "1.5"]
[White "Yeter, Orhan"]
[Black "Deville, Olivier"]
[Result "0-1"]
[WhiteElo "1585"]
[BlackElo "1890"]
[PlyCount "64"]

1. e4 c5 2. Nf3 d6 3. d4 cxd4 4. Nxd4 Nf6 5. Nc3 a6 6. Be2 e6 7. Bg5 Be7 8. Qd2
b5 9. a3 Bb7 10. Bd3 Qc7 11. f3 O-O 12. O-O-O Nc6 13. Nxc6 Bxc6 14. h4 Qb7 15.
Ne2 a5 16. Nd4 b4 17. Nxc6 Qxc6 18. axb4 axb4 19. Qxb4 Rfc8 20. e5 Ra4 21. Qb5
dxe5 22. Qxe5 Rd8 23. Bxf6 Bxf6 24. Qe2 Qb6 25. c3 Bxc3 26. Bxh7+ Kxh7 27. Rxd8
Bxb2+ 28. Kb1 Bf6+ 29. Kc1 Ra1+ 30. Kc2 Ra2+ 31. Kc1 Rxe2 32. Rd7 Qb2+ 0-1

[Event "Tournoi Skype 017A"]
[Site "Skype"]
[Date "????.??.??"]
[Round "1.6"]
[White "Loayza, Juan Antonio"]
[Black "Aceituno, Stebe"]
[Result "1-0"]
[WhiteElo "1875"]
[BlackElo "1574"]
[PlyCount "53"]

1. e4 c5 2. Nf3 d6 3. d4 cxd4 4. Nxd4 Nf6 5. Nc3 a6 6. Bg5 e6 7. f4 Be7 8. Qf3
Nbd7 9. O-O-O Nc5 10. Be2 h6 11. Bh4 Bd7 12. g4 b5 13. e5 dxe5 14. fxe5 Nh7 15.
Bxe7 Kxe7 16. Nc6+ Bxc6 17. Qxc6 Rc8 18. Rxd8 Rxc6 19. Rxh8 Ng5 20. h4 Nge4 21.
Nxe4 Nxe4 22. Bf3 Rc4 23. Ra8 b4 24. Rd1 f5 25. Ra7+ Ke8 26. gxf5 exf5 27. Bh5+
1-0

[Event "Tournoi Skype 017A"]
[Site "Skype"]
[Date "????.??.??"]
[Round "1.7"]
[White "De Nobrega, George"]
[Black "Plourde, Alain"]
[Result "0-1"]
[WhiteElo "1563"]
[BlackElo "1862"]
[PlyCount "96"]

1. e4 e6 2. Nf3 d5 3. exd5 exd5 4. d4 Bg4 5. h3 Bh5 6. Be2 Bd6 7. Ng5 Bxe2 8.
Qxe2+ Qe7 9. Qxe7+ Nxe7 10. O-O O-O 11. Nc3 c6 12. a3 Nd7 13. Re1 Rfe8 14. Nf3
h6 15. Bd2 Ng6 16. Re2 Rxe2 17. Nxe2 Re8 18. Re1 Nf6 19. Nc3 Kf8 20. Rxe8+ Kxe8
21. g4 Ke7 22. g5 Ne4 23. Nxe4 dxe4 24. gxh6 gxh6 25. Ne1 Nf4 26. Bxf4 Bxf4 27.
b3 Ke6 28. Kf1 Bc1 29. a4 Kd5 30. Ke2 Kxd4 31. Kd1 Bg5 32. Ng2 h5 33. Ke2 c5
34. Ne3 Bxe3 35. fxe3+ Kc3 36. Kd1 a5 37. Kc1 h4 38. Kd1 c4 39. bxc4 Kxc4 40.
Kc1 Kb4 41. Kb2 Kxa4 42. c3 Kb5 43. Ka2 Kc4 44. Kb2 Kd3 45. c4 Kxe3 46. Kc2 Kf2
47. Kd1 e3 48. Kc2 e2 0-1

[Event "Tournoi Skype 017A"]
[Site "Skype"]
[Date "????.??.??"]
[Round "1.8"]
[White "Lambert, Pierre"]
[Black "Saponara, Jose Maria"]
[Result "1-0"]
[WhiteElo "1857"]
[BlackElo "1563"]
[PlyCount "81"]

1. e4 c6 2. d4 d5 3. e5 Bf5 4. Bd3 Bxd3 5. Qxd3 e6 6. Nf3 h6 7. Nc3 Ne7 8. g4
Nd7 9. Bd2 Qc7 10. Ne2 c5 11. c3 c4 12. Qc2 b5 13. Rc1 Nc6 14. Nf4 Nd8 15. O-O
Rc8 16. Be3 a5 17. Qd2 Nb6 18. Kg2 g6 19. h4 Qe7 20. Rh1 Nc6 21. Ne2 a4 22. Ng3
b4 23. Ne1 Na5 24. f4 b3 25. a3 Nb7 26. h5 Bg7 27. f5 gxf5 28. gxf5 f6 29. Nf3
Kd7 30. Rce1 Rcf8 31. Nh4 Kc6 32. Ng6 Qe8 33. Nxh8 Rxh8 34. Qe2 fxe5 35. dxe5
Bxe5 36. Bxb6 Bxg3 37. Qxe6+ Qxe6 38. Rxe6+ Bd6 39. Bd4 Rg8+ 40. Rg6 Rxg6+ 41.
hxg6 1-0

[Event "Tournoi Skype 017A"]
[Site "Skype"]
[Date "????.??.??"]
[Round "1.9"]
[White "Thoune, Jim"]
[Black "Barrasso, Alex"]
[Result "0-1"]
[WhiteElo "1562"]
[BlackElo "1846"]
[PlyCount "104"]

1. d4 Nf6 2. c4 e6 3. Nf3 Bb4+ 4. Bd2 Qe7 5. Nc3 d5 6. e3 O-O 7. a3 Bxc3 8.
Bxc3 Nbd7 9. Bd3 dxc4 10. Bxc4 Ne4 11. O-O Nxc3 12. bxc3 c5 13. Bb3 Nb6 14. a4
Rd8 15. Qc2 Bd7 16. a5 Nd5 17. e4 Nf4 18. Qd2 Ng6 19. Rfe1 Bc6 20. Qe3 Rac8 21.
Nd2 cxd4 22. cxd4 Qb4 23. d5 exd5 24. exd5 Bxd5 25. Bxd5 Rxd5 26. Nf3 Rxa5 27.
Rab1 Qc5 28. Rxb7 Qxe3 29. fxe3 Ra2 30. Reb1 h6 31. Rb8 Rxb8 32. Rxb8+ Kh7 33.
Rb7 f6 34. Rd7 a5 35. g3 Nf8 36. Rd2 Rxd2 37. Nxd2 a4 38. Nc4 Kg6 39. Kf2 Kf5
40. h3 h5 41. Ke2 Nd7 42. Nd2 Nc5 43. Nb1 Ne4 44. Kf3 g5 45. g4+ hxg4+ 46.
hxg4+ Ke5 47. Ke2 f5 48. Kf3 f4 49. exf4+ gxf4 50. Na3 Ng5+ 51. Kf2 Kd4 52. Ke2
Kc3 0-1

[Event "Tournoi Skype 017A"]
[Site "Skype"]
[Date "????.??.??"]
[Round "1.10"]
[White "Rico Hernandez, Edgar"]
[Black "Aranzubia, Desiderio"]
[Result "1-0"]
[WhiteElo "1844"]
[BlackElo "1550"]
[PlyCount "51"]

1. d4 d5 2. c4 dxc4 3. Nc3 c6 4. a4 a6 5. e3 Be6 6. Nf3 Nd7 7. Ng5 Bf5 8. Bxc4
e6 9. e4 Bg6 10. O-O h6 11. Nf3 Ngf6 12. Qe2 Be7 13. Bf4 O-O 14. Rfd1 b5 15.
Bd3 b4 16. Nb1 a5 17. Nbd2 Nb6 18. Rdc1 Rc8 19. Ba6 Ra8 20. Rxc6 Nxe4 21. Nxe4
Bxe4 22. Qxe4 Rxa6 23. Bc7 Qd5 24. Qxd5 Nxd5 25. Rxa6 Nxc7 26. Rxa5 1-0

[Event "Tournoi Skype 017A"]
[Site "Skype"]
[Date "????.??.??"]
[Round "1.11"]
[White "Prasad Singh, Ambika"]
[Black "Dal, Ibrahim"]
[Result "0-1"]
[WhiteElo "1549"]
[BlackElo "1832"]
[PlyCount "126"]

1. e4 c6 2. d4 d5 3. f3 e6 4. Nc3 Bb4 5. Nge2 dxe4 6. fxe4 Qh4+ 7. Ng3 Nf6 8.
Qf3 O-O 9. Bd2 Rd8 10. Nce2 Bxd2+ 11. Kxd2 e5 12. c3 Bg4 13. Nf5 Bxf3 14. Nxh4
Bxe2 15. Bxe2 exd4 16. Bf3 dxc3+ 17. Kxc3 Nbd7 18. Nf5 Ne5 19. Rae1 Rd3+ 20.
Kc2 Rad8 21. Rd1 Rxd1 22. Rxd1 Rxd1 23. Kxd1 Nfd7 24. b3 Kf8 25. Kc2 g6 26. Ng3
Ke7 27. Kc3 Kf6 28. h4 h5 29. Kd4 b5 30. a3 c5+ 31. Kd5 c4 32. bxc4 bxc4 33.
Bd1 Nb6+ 34. Kc5 Nd3+ 35. Kb5 Ne1 36. Ka6 Nxg2 37. Kxa7 Nd7 38. a4 Ne3 39. Bf3
Ne5 40. Bh1 c3 41. Ne2 c2 42. a5 Nc6+ 43. Kb6 Nd4 44. Nc1 Ke5 45. a6 Nc4+ 46.
Kb7 Nd6+ 47. Kb6 N4b5 48. a7 Nxa7 49. Kxa7 Kd4 50. e5 Nf5 51. Bc6 Kxe5 52. Ba4
Nd4 53. Kb6 f5 54. Kc5 f4 55. Kc4 Ke4 56. Be8 g5 57. hxg5 h4 58. Bg6+ Ke3 59.
Bd3 h3 60. g6 Ne6 61. Bf1 h2 62. Bg2 f3 63. Bh1 f2 0-1

[Event "Tournoi Skype 017A"]
[Site "Skype"]
[Date "????.??.??"]
[Round "1.12"]
[White "Segura Lozano, Marcos Antonio"]
[Black "Le Brun, Yves"]
[Result "1-0"]
[WhiteElo "1784"]
[BlackElo "1540"]
[PlyCount "33"]

1. e4 d6 2. d4 Nf6 3. Nc3 g6 4. f4 Bg4 5. Be2 Bg7 6. Bxg4 Nxg4 7. Qxg4 Bxd4 8.
Nge2 h5 9. Qf3 Nc6 10. Be3 e5 11. Bxd4 exd4 12. Nd5 Qh4+ 13. g3 Qd8 14. O-O-O
O-O 15. Kb1 f5 16. Nxd4 fxe4 17. Qxe4 1-0

[Event "Tournoi Skype 017A"]
[Site "Skype"]
[Date "????.??.??"]
[Round "1.13"]
[White "Holtz, Steve"]
[Black "Legueltel, Daniel"]
[Result "0-1"]
[WhiteElo "1538"]
[BlackElo "1737"]
[PlyCount "62"]

1. d4 d5 2. Nf3 Nf6 3. c3 c6 4. Bf4 e6 5. Nbd2 Bd6 6. Bxd6 Qxd6 7. e3 O-O 8.
Be2 Nbd7 9. h3 e5 10. dxe5 Nxe5 11. Nh2 Bf5 12. Ndf3 h6 13. Nxe5 Qxe5 14. Ng4
Qe6 15. Nh2 Ne4 16. Bg4 Rfe8 17. Qf3 Bxg4 18. Nxg4 c5 19. Rd1 Rad8 20. O-O Qb6
21. Qe2 f5 22. Nh2 f4 23. Qc2 fxe3 24. fxe3 Ng5 25. c4 Qe6 26. Ng4 dxc4 27. Rc1
b5 28. b3 h5 29. Nf2 Qxe3 30. bxc4 Qg3 31. cxb5 Nf3+ 0-1

[Event "Tournoi Skype 017A"]
[Site "Skype"]
[Date "????.??.??"]
[Round "1.15"]
[White "Yardimci, Ertan"]
[Black "Mulrooney, Justin"]
[Result "0-1"]
[WhiteElo "1514"]
[BlackElo "1728"]
[PlyCount "110"]

1. e4 e6 2. d4 d5 3. Nc3 dxe4 4. Nxe4 Nf6 5. Ng3 Be7 6. Nf3 O-O 7. Bc4 Nbd7 8.
c3 a6 9. O-O b5 10. Bb3 Bb7 11. Bc2 c5 12. Be3 Qc7 13. h3 Nd5 14. Bg5 Bd6 15.
Ne4 Bf4 16. Bxf4 Nxf4 17. Re1 Rac8 18. dxc5 Nxc5 19. Nxc5 Qxc5 20. Qd4 Qxd4 21.
Nxd4 Bxg2 22. Ne2 Nxe2+ 23. Rxe2 Bxh3 24. Kh2 Bg4 25. Re3 Rfd8 26. Kg3 Bf5 27.
Bxf5 exf5 28. Re2 g6 29. Kf4 Rc4+ 30. Kf3 Rd3+ 31. Kg2 Rg4+ 32. Kf1 Rh3 33.
Ree1 f4 34. Ke2 Rg5 35. Kd2 Rg2 36. Rf1 Rf3 37. Ke2 Re3+ 38. Kd2 Re6 39. Rae1
Kg7 40. Rc1 f3 41. Rce1 g5 42. Rg1 Rxg1 43. Rxg1 Kg6 44. Kd3 h5 45. c4 bxc4+
46. Kxc4 Re2 47. Kc3 Rxf2 48. a4 Rg2 49. Rf1 g4 50. b4 Re2 51. Kd3 Kf5 52. b5
axb5 53. axb5 Kf4 54. b6 Rb2 55. Rh1 Kg5 0-1

[Event "Tournoi Skype 017A"]
[Site "Skype"]
[Date "????.??.??"]
[Round "1.16"]
[White "Janssen, Gerard"]
[Black "Coruble, Didier"]
[Result "1-0"]
[WhiteElo "1721"]
[BlackElo "1511"]
[PlyCount "71"]

1. d4 e6 2. c4 c5 3. d5 Be7 4. Nc3 a6 5. e4 exd5 6. Nxd5 Bd6 7. Nf3 h6 8. e5
Be7 9. Bd3 Qa5+ 10. Bd2 Qd8 11. O-O Bg5 12. Nxg5 hxg5 13. f4 g4 14. Qxg4 d6 15.
Qxg7 Qh4 16. Qg3 Qxg3 17. hxg3 Nd7 18. Nc7+ Kd8 19. Nxa8 dxe5 20. Bc3 f6 21.
Ba5+ b6 22. Nxb6 Nxb6 23. Bxb6+ Kd7 24. Bxc5 Nh6 25. Rad1 Kc6 26. Be7 f5 27.
fxe5 Ng4 28. Bxf5 Bxf5 29. Rxf5 Ne3 30. Rf6+ Kb7 31. Rc1 Ng4 32. Re6 Ne3 33.
Bg5 Nf5 34. Bf4 Nd4 35. Re7+ Kb6 36. Be3 1-0

[Event "Tournoi Skype 017A"]
[Site "Skype"]
[Date "????.??.??"]
[Round "1.17"]
[White "Malbec, Robert"]
[Black "Engstrom, Olle"]
[Result "0-1"]
[WhiteElo "1500"]
[BlackElo "1712"]
[PlyCount "86"]

1. e4 c5 2. Nf3 Nc6 3. d4 cxd4 4. Nxd4 Nf6 5. Nc3 e5 6. Nxc6 bxc6 7. Bd3 Bb4 8.
Bd2 O-O 9. a3 Bxc3 10. Bxc3 Re8 11. Qf3 d6 12. Qg3 Nh5 13. Qf3 Nf6 14. Bd2 Bg4
15. Qg3 Bh5 16. Bg5 Bg6 17. h4 h5 18. O-O d5 19. Qf3 dxe4 20. Bxf6 exf3 21.
Bxd8 Bxd3 22. cxd3 fxg2 23. Rfe1 Raxd8 24. Rad1 Rd4 25. Re4 f6 26. Kxg2 Red8
27. Kf3 Rxd3+ 28. Rxd3 Rxd3+ 29. Re3 Rxe3+ 30. Kxe3 Kf7 31. Kd3 Ke6 32. Kc4 g5
33. hxg5 fxg5 34. Kd3 Kf5 35. Ke3 e4 36. Ke2 Kf4 37. Kf1 g4 38. Kg2 h4 39. Kf1
Kf3 40. Kg1 g3 41. fxg3 hxg3 42. b4 e3 43. b5 cxb5 0-1

[Event "Tournoi Skype 017A"]
[Site "Skype"]
[Date "????.??.??"]
[Round "1.18"]
[White "Megelas, Florent"]
[Black "Meaney, Mike"]
[Result "1-0"]
[WhiteElo "1705"]
[BlackElo "1485"]
[PlyCount "97"]

1. e4 e5 2. Nf3 Nc6 3. Bc4 d6 4. h3 h6 5. O-O Nge7 6. Nc3 Ng6 7. d3 Be7 8. Nd5
Bg5 9. Bxg5 hxg5 10. Qd2 f6 11. d4 g4 12. hxg4 Bxg4 13. Qe3 Qd7 14. dxe5 Ncxe5
15. Nxe5 Nxe5 16. Be2 g6 17. Bxg4 Nxg4 18. Qf3 O-O-O 19. Nxf6 Nxf6 20. Qxf6
Rde8 21. Rad1 Qh7 22. f3 Qh2+ 23. Kf2 Ref8 24. Qe6+ Kb8 25. Qg4 Qe5 26. c3 g5
27. Rd5 Qe7 28. Rxg5 Qd8 29. Rd1 Rhg8 30. Rdd5 c6 31. Rdf5 Qb6+ 32. Kg3 Qd8 33.
Rxf8 Rxf8 34. Rg7 Qe8 35. Kf2 Qd8 36. Qd7 Qxd7 37. Rxd7 Rf6 38. g4 Kc8 39. Rg7
a5 40. Ke3 Re6 41. Kd4 b6 42. b4 axb4 43. cxb4 b5 44. f4 Re8 45. f5 Rf8 46. g5
Re8 47. f6 c5+ 48. bxc5 dxc5+ 49. Kxc5 1-0

[Event "Tournoi Skype 017A"]
[Site "Skype"]
[Date "????.??.??"]
[Round "1.19"]
[White "Hague, Mark"]
[Black "Casey, Eamonn"]
[Result "1/2-1/2"]
[WhiteElo "1456"]
[BlackElo "1699"]
[PlyCount "77"]

1. Nf3 Nf6 2. d4 e6 3. c4 d5 4. Bg5 Be7 5. Nc3 O-O 6. e3 Nbd7 7. Bd3 h6 8. Bf4
Nh5 9. Bg3 Nxg3 10. hxg3 Nf6 11. Qc2 Bd7 12. Ne5 Rc8 13. Nxd7 Qxd7 14. cxd5
exd5 15. O-O-O c5 16. Bf5 Qc6 17. Bxc8 Rxc8 18. dxc5 Bxc5 19. Kb1 b5 20. Rc1 a5
21. Ne2 b4 22. Nd4 Qb6 23. Qd3 Ne4 24. Rhf1 Nc3+ 25. bxc3 bxc3+ 26. Nb3 a4 27.
Rxc3 axb3 28. Rxb3 Qf6 29. Qc3 Qf5+ 30. Qd3 Qe5 31. Rc1 Qd6 32. Qb5 Qg6+ 33.
Qd3 Qd6 34. Qc3 Qg6+ 35. Rc2 Qa6 36. Qd3 Qc6 37. Qb5 Qd6 38. Rbc3 Rb8 39. Rxc5
1/2-1/2

[Event "Tournoi Skype 017A"]
[Site "Skype"]
[Date "????.??.??"]
[Round "1.20"]
[White "Karia, Vijay"]
[Black "L'Herbon De Lussats, Jean"]
[Result "1-0"]
[WhiteElo "1681"]
[BlackElo "1454"]
[PlyCount "109"]

1. e4 c5 2. Nc3 Nc6 3. f4 d6 4. Nf3 a6 5. g3 e5 6. d3 Nf6 7. Bg2 Bg4 8. h3 Be6
9. Be3 Be7 10. f5 Bd7 11. g4 h6 12. Qd2 Nd4 13. Ne2 Nh7 14. c3 Nxf3+ 15. Bxf3
Bh4+ 16. Kd1 Rc8 17. c4 b5 18. Nc3 Ng5 19. Bg2 Bc6 20. b3 Ba8 21. cxb5 axb5 22.
Nxb5 d5 23. Ke2 dxe4 24. dxe4 Qxd2+ 25. Kxd2 Rd8+ 26. Kc2 Bxe4+ 27. Bxe4 Nxe4
28. Nc7+ Kd7 29. Nb5 Kc6 30. Nc3 Nxc3 31. Kxc3 Rd7 32. Rad1 Rhd8 33. Rd2 Bg5
34. Bxg5 hxg5 35. Rhd1 f6 36. Rxd7 Rxd7 37. Rxd7 Kxd7 38. Kd3 Kc6 39. Ke4 Kb5
40. a4+ Kb4 41. Kd5 e4 42. Kxe4 c4 43. bxc4 Kxc4 44. a5 Kb5 45. Kd5 Kxa5 46.
Ke6 Kb5 47. Kf7 Kc5 48. Kxg7 Kd5 49. Kxf6 Ke4 50. Kxg5 Ke5 51. h4 Kd6 52. f6
Ke6 53. Kg6 Kd7 54. Kg7 Ke8 55. f7+ 1-0

[Event "Tournoi Skype 017A"]
[Site "Skype"]
[Date "????.??.??"]
[Round "1.21"]
[White "Fouquereau, Andre"]
[Black "Gharbi, Said"]
[Result "0-1"]
[WhiteElo "1452"]
[BlackElo "1660"]
[PlyCount "92"]

1. e4 d5 2. exd5 Qxd5 3. Nc3 Qa5 4. Nf3 e6 5. Be2 Bb4 6. O-O Bxc3 7. dxc3 Nf6
8. b4 Qa4 9. Bc4 O-O 10. Bb3 Qa6 11. Bb2 b6 12. c4 Bd7 13. Bxf6 gxf6 14. Qd5 c6
15. Qd6 Qb7 16. a4 Na6 17. Rab1 c5 18. bxc5 Nxc5 19. Rfd1 Bc6 20. Qf4 f5 21.
Qg5+ Kh8 22. Qf6+ Kg8 23. Nh4 Ne4 24. Qe5 Qe7 25. Nxf5 Qg5 26. Qc7 Qxf5 27.
Qxc6 Qxf2+ 28. Kh1 Qh4 29. Re1 Nf2+ 30. Kg1 Ng4 31. h3 Qf2+ 32. Kh1 Nf6 33. Rf1
Qh4 34. c5 Rfc8 35. Qf3 Kg7 36. c6 Rc7 37. Rbd1 Ne4 38. Rd7 Rxd7 39. cxd7 Ng3+
40. Kg1 Nxf1 41. Qc3+ Qf6 42. Qd3 Rg8 43. Bd5 exd5 44. Qxd5 Ne3 45. Qe4 Qa1+
46. Kh2 Nf1+ 0-1

[Event "Tournoi Skype 017A"]
[Site "Skype"]
[Date "????.??.??"]
[Round "1.22"]
[White "Murgia, Stefano"]
[Black "Raheja, Shiv"]
[Result "1-0"]
[WhiteElo "1639"]
[BlackElo "1446"]
[PlyCount "37"]

1. e4 e5 2. d4 exd4 3. Qxd4 Nc6 4. Qe3 d6 5. Nc3 Nf6 6. Bd2 Ng4 7. Qg3 Nge5 8.
f4 Ng6 9. Nf3 Nb4 10. O-O-O Be7 11. h4 Nf8 12. a3 Nc6 13. Nd5 Ne6 14. f5 Ned4
15. Qxg7 Rf8 16. f6 Ne6 17. Qh6 Rg8 18. fxe7 Nxe7 19. Nf6# 1-0

[Event "Tournoi Skype 017A"]
[Site "Skype"]
[Date "????.??.??"]
[Round "2.1"]
[White "Hervais, Adrien"]
[Black "Segura Lozano, Marcos Antonio"]
[Result "1-0"]
[WhiteElo "1995"]
[BlackElo "1784"]
[PlyCount "85"]

1. e4 c5 2. Nf3 d6 3. c3 Nc6 4. Be2 Nf6 5. d4 cxd4 6. cxd4 e6 7. Nc3 a6 8. O-O
Be7 9. d5 Nb8 10. Qb3 e5 11. Be3 Nbd7 12. a4 Ng4 13. Bd2 Nc5 14. Qc2 h5 15. b4
Nd7 16. h3 Nh6 17. Nh2 g5 18. Bxh5 Nf6 19. Qd1 g4 20. Bxg4 Nhxg4 21. Nxg4 Nxg4
22. hxg4 Bg5 23. Ra2 Qf6 24. f3 Bf4 25. Bxf4 Qxf4 26. Qd2 Qg3 27. Ne2 Qh4 28.
Qe1 Qh2+ 29. Kf2 Bd7 30. Ng3 Qh6 31. Rh1 Qg7 32. Rxh8+ Qxh8 33. Qd2 Qg7 34. Nh5
Qg6 35. Qe3 Rc8 36. Qb6 Rc3 37. Qxb7 Qg5 38. Qb6 Qh4+ 39. Ng3 Ke7 40. Qxa6 Rc1
41. Qe2 Qh2 42. Nf1 Qf4 43. Qd2 1-0

[Event "Tournoi Skype 017A"]
[Site "Skype"]
[Date "????.??.??"]
[Round "2.2"]
[White "Dal, Ibrahim"]
[Black "Patra Kumar, Subhendu"]
[Result "1-0"]
[WhiteElo "1832"]
[BlackElo "1910"]
[PlyCount "53"]

1. d4 d5 2. c4 dxc4 3. Nf3 a6 4. a4 Nc6 5. e3 e6 6. Bxc4 Nf6 7. Nc3 Bb4 8. O-O
O-O 9. Qc2 b6 10. Ne4 Bb7 11. Nxf6+ Qxf6 12. Bd3 h6 13. Be4 e5 14. Nxe5 Nxe5
15. Bxb7 Ng6 16. Bxa8 Rxa8 17. Qxc7 Bd6 18. Qb7 Re8 19. a5 b5 20. Qd7 Rd8 21.
Qg4 Bb8 22. Rd1 Qd6 23. g3 Ne5 24. Qe2 f5 25. e4 fxe4 26. Qxe4 Ng6 27. Be3 1-0

[Event "Tournoi Skype 017A"]
[Site "Skype"]
[Date "????.??.??"]
[Round "2.4"]
[White "Legueltel, Daniel"]
[Black "Elias, Roberto"]
[Result "0-1"]
[WhiteElo "1737"]
[BlackElo "1903"]
[PlyCount "70"]

1. d4 Nf6 2. c4 e6 3. Nf3 b6 4. Nc3 Bb7 5. e3 Be7 6. g3 O-O 7. Bg2 d5 8. Ne5
Nbd7 9. cxd5 Nxe5 10. dxe5 Nxd5 11. O-O Rb8 12. Nxd5 Bxd5 13. e4 Bc4 14. Be3
Bxf1 15. Bxf1 Qxd1 16. Rxd1 Rfd8 17. Rxd8+ Rxd8 18. Be2 a5 19. f4 Bb4 20. Kf2
Bc5 21. Bxc5 bxc5 22. Ke3 Rb8 23. b3 Kf8 24. Bc4 Ke7 25. f5 Rb4 26. Kd3 Rb8 27.
Ke3 Rd8 28. Be2 exf5 29. exf5 Rd5 30. Ke4 Rd2 31. Bc4 a4 32. e6 fxe6 33. fxe6
a3 34. h4 Rxa2 35. Kd5 Rd2+ 0-1

[Event "Tournoi Skype 017A"]
[Site "Skype"]
[Date "????.??.??"]
[Round "2.5"]
[White "Deville, Olivier"]
[Black "Megelas, Florent"]
[Result "1-0"]
[WhiteElo "1890"]
[BlackElo "1705"]
[PlyCount "37"]

1. c4 Nf6 2. Nf3 e6 3. g3 c6 4. Bg2 d5 5. d4 g6 6. Qc2 Bg7 7. O-O O-O 8. Nbd2
Nbd7 9. Rd1 Re8 10. e4 Nxe4 11. Nxe4 dxe4 12. Qxe4 Nf6 13. Qh4 Qe7 14. Bg5 Qf8
15. Bxf6 Bxf6 16. Qxf6 Rb8 17. Ne5 Re7 18. Ng4 Re8 19. Qf4 1-0

[Event "Tournoi Skype 017A"]
[Site "Skype"]
[Date "????.??.??"]
[Round "2.7"]
[White "Plourde, Alain"]
[Black "Karia, Vijay"]
[Result "1-0"]
[WhiteElo "1862"]
[BlackElo "1681"]
[PlyCount "63"]

1. d4 d5 2. c4 c6 3. Nf3 Nf6 4. cxd5 cxd5 5. Nc3 a6 6. Bf4 e6 7. e3 Bd6 8. Bxd6
Qxd6 9. Bd3 O-O 10. O-O Nbd7 11. Qc2 e5 12. dxe5 Nxe5 13. Nxe5 Qxe5 14. Ne2 Be6
15. Nd4 Ng4 16. Nf3 Qh5 17. Qc7 b5 18. b3 Rfc8 19. Qg3 Nf6 20. Nd4 Rc3 21. Rfd1
Bg4 22. f3 Bd7 23. Qf4 Re8 24. Rac1 Rcc8 25. Bf5 Rcd8 26. Bxd7 Nxd7 27. Rc6 g5
28. Qf5 Re5 29. Qd3 Nb8 30. Rf6 Rde8 31. Nf5 Rf8 32. Rh6 1-0

[Event "Tournoi Skype 017A"]
[Site "Skype"]
[Date "????.??.??"]
[Round "2.8"]
[White "Engstrom, Olle"]
[Black "Lambert, Pierre"]
[Result "1-0"]
[WhiteElo "1712"]
[BlackElo "1857"]
[PlyCount "63"]

1. e4 c5 2. Nf3 d6 3. d4 cxd4 4. Nxd4 Nf6 5. Nc3 g6 6. Be3 Bg7 7. f3 O-O 8. Qd2
Nc6 9. Bc4 Bd7 10. O-O-O Ne5 11. Bb3 Rc8 12. h4 h5 13. Bh6 Nc4 14. Bxc4 Rxc4
15. Bxg7 Kxg7 16. g4 Qa5 17. Nb3 Qc7 18. e5 Nxg4 19. fxg4 Bxg4 20. exd6 exd6
21. Qxd6 Qc8 22. Rd4 Rc6 23. Qf4 Re8 24. Re4 Rxe4 25. Qxe4 Rc4 26. Qe5+ Kg8 27.
Re1 Be6 28. Nd4 Rc5 29. Qf6 Bf5 30. Rg1 Kh7 31. Qxf7+ Kh8 32. Re1 1-0

[Event "Tournoi Skype 017A"]
[Site "Skype"]
[Date "????.??.??"]
[Round "2.9"]
[White "Barrasso, Alex"]
[Black "Murgia, Stefano"]
[Result "0-1"]
[WhiteElo "1846"]
[BlackElo "1639"]
[PlyCount "28"]

1. e4 d6 2. d4 g6 3. Nc3 a6 4. Be3 b5 5. Bd3 Bg7 6. Nge2 Bb7 7. a3 Nd7 8. Qd2
c5 9. dxc5 Nxc5 10. O-O-O Rc8 11. Nd4 Nf6 12. e5 dxe5 13. Ncxb5 exd4 14. Bxd4
Nb3+ 0-1

[Event "Tournoi Skype 017A"]
[Site "Skype"]
[Date "????.??.??"]
[Round "2.10"]
[White "Gharbi, Said"]
[Black "Rico Hernandez, Edgar"]
[Result "1-0"]
[WhiteElo "1660"]
[BlackElo "1844"]
[PlyCount "34"]

1. e4 c6 2. d4 d5 3. e5 Bf5 4. Bd3 Bxd3 5. Qxd3 e6 6. Nf3 Nd7 7. Bg5 Qa5+ 8. c3
Ne7 9. Nbd2 c5 10. b3 cxd4 11. cxd4 Nc6 12. O-O Rc8 13. Rfc1 Ba3 14. Rc3 Bb2
15. Rcc1 Bxa1 16. Rxa1 Nb4 17. Qe3 Nc2 1-0

[Event "Tournoi Skype 017A"]
[Site "Skype"]
[Date "????.??.??"]
[Round "2.11"]
[White "Casey, Eamonn"]
[Black "Bendre, Pankaj"]
[Result "1-0"]
[WhiteElo "1699"]
[BlackElo "1531"]
[PlyCount "37"]

1. d4 d5 2. c4 e6 3. Nc3 Nf6 4. Nf3 Nbd7 5. Bf4 c6 6. e3 Bb4 7. a3 Bxc3+ 8.
bxc3 Ne4 9. Qc2 Qa5 10. Rc1 Qxa3 11. cxd5 exd5 12. Bd3 Ndf6 13. O-O O-O 14. h3
Re8 15. Ne5 h6 16. c4 Nh5 17. Bxe4 Nxf4 18. Bh7+ Kh8 19. Nxf7# 1-0